| 000 | 00805nam a2200229 a 4500 | ||
|---|---|---|---|
| 003 | BD-RjUL | ||
| 005 | 20251222104331.0 | ||
| 008 | 251222s2021 bg ||||| b||| 00| 0 ben d | ||
| 020 |
_a9789840422609 : _cTk.750.00 |
||
| 035 | _a(BD-RjUL)62061 | ||
| 040 |
_aBD-RjUL _bben _cBD-RjUL |
||
| 041 | _aben | ||
| 082 |
_223 _a414 _bISV 2021 |
||
| 100 |
_aইসলাম, রফিকুল _9170417 |
||
| 245 | 1 | 0 |
_aভাষাতত্ত্ব / _cরফিকুল ইসলাম |
| 260 |
_aঢাকা : _bআগামী প্রকাশনী, _c২০২১ |
||
| 300 |
_a৩১২ পৃ. ; _c২২ সেমি. |
||
| 504 | _aগ্রন্থপঞ্জি সংযুক্ত | ||
| 650 |
_aধ্বনিবিজ্ঞান _9184342 |
||
| 650 |
_aPhonetics _9182353 |
||
| 942 |
_2ddc _cBK |
||
| 999 |
_c86053 _d86053 |
||